Introducción a las computadoras y a los sistemas de información /

Guardado en:
Autor Principal: Long, Larry
Otros Autores: Long, Nancy, Gutiérrez, Jorge Luis, trad.
Formato: Libro
Publicado: México : Prentice Hall, 1999
Edición:5a. ed.
Materias:
Etiquetas: Agregar Etiqueta
Sin Etiquetas, Sea el primero en etiquetar este registro!
LEADER 01245nam a22002175a 4500
001 CEM.cems011780
005 20070702175223.0
008 130507s1999##################000#0#####d
003 CEMS
020 |a 970170262X 
082 0 4 |a 001.64 
100 1 |a Long, Larry 
245 1 0 |a Introducción a las computadoras y a los sistemas de información /  |c Larry Long, Nancy Long ; traducción Jorge Luis Gutiérrez 
250 |a 5a. ed. 
260 |a México :  |b Prentice Hall,  |c 1999 
300 |a 167 p. 
505 0 |a El mundo de las computadoras -- Adentro de la computadora -- Software: el medio para dominar a las computadoras -- Almacenamiento y recuperación de datos: discos y unidades de respaldo en cinta -- Entrad / salida : las computadoras en acción -- Redes y conectividad de redes: enlace a escala global -- Póngase en línea: servicio de información, Internet y más -- El ambiente Windows -- Software de productividad: de las notas a las bases de datos -- Gráficos y multimedia: halague a sus sentidos -- Sistemas de información: MIS, DSS, EIS -- La computadora en la sociedad 
653 |a Informática 
700 1 |a Long, Nancy 
700 1 |a Gutiérrez, Jorge Luis, trad. 
859 |a CEMS  |b BIB. CEMS - 11 de abril  |h 001.64  |i L863a5  |p 22793.05  |t Ej.1